<?xml version="1.0" encoding="UTF-8"?><?xml-stylesheet type="text/xsl" href="static/style.xsl"?><OAI-PMH xmlns="http://www.openarchives.org/OAI/2.0/" xmlns:xsi="http://www.w3.org/2001/XMLSchema-instance" xsi:schemaLocation="http://www.openarchives.org/OAI/2.0/ http://www.openarchives.org/OAI/2.0/OAI-PMH.xsd"><responseDate>2026-06-07T07:49:25Z</responseDate><request verb="GetRecord" identifier="oai:riuma.uma.es:10630/29346" metadataPrefix="marc">https://riuma.uma.es/rest/oai/request</request><GetRecord><record><header><identifier>oai:riuma.uma.es:10630/29346</identifier><datestamp>2026-02-03T10:53:09Z</datestamp><setSpec>com_10630_2254</setSpec><setSpec>col_10630_37953</setSpec></header><metadata><record xmlns="http://www.loc.gov/MARC21/slim" xmlns:dcterms="http://purl.org/dc/terms/" xmlns:doc="http://www.lyncode.com/xoai" xmlns:xsi="http://www.w3.org/2001/XMLSchema-instance" xsi:schemaLocation="http://www.loc.gov/MARC21/slim http://www.loc.gov/standards/marcxml/schema/MARC21slim.xsd">
   <leader>00925njm 22002777a 4500</leader>
   <datafield ind2=" " ind1=" " tag="042">
      <subfield code="a">dc</subfield>
   </datafield>
   <datafield ind2=" " ind1=" " tag="720">
      <subfield code="a">Merino-Córdoba, Salvador</subfield>
      <subfield code="e">author</subfield>
   </datafield>
   <datafield ind2=" " ind1=" " tag="720">
      <subfield code="a">Döllner, Jürgen</subfield>
      <subfield code="e">author</subfield>
   </datafield>
   <datafield ind2=" " ind1=" " tag="720">
      <subfield code="a">Martínez, Javier</subfield>
      <subfield code="e">author</subfield>
   </datafield>
   <datafield ind2=" " ind1=" " tag="720">
      <subfield code="a">Guzmán-Navarro, Francisco</subfield>
      <subfield code="e">author</subfield>
   </datafield>
   <datafield ind2=" " ind1=" " tag="720">
      <subfield code="a">Guzmán-Sepúlveda, Rafael</subfield>
      <subfield code="e">author</subfield>
   </datafield>
   <datafield ind2=" " ind1=" " tag="720">
      <subfield code="a">Lara-Fernández, Juan de Dios</subfield>
      <subfield code="e">author</subfield>
   </datafield>
   <datafield ind2=" " ind1=" " tag="260">
      <subfield code="c">2023-02</subfield>
   </datafield>
   <datafield ind2=" " ind1=" " tag="520">
      <subfield code="a">Los dispositivos móviles nos proporcionan una importante fuente de datos que capturan los movimientos espaciales de los individuos y nos permiten derivar patrones generales de movilidad para una población a lo largo del tiempo. En este artículo, presentamos una base matemática que nos permite armonizar datos de geolocalización móvil utilizando geometría diferencial y teoría de grafos para identificar patrones de comportamiento espacial. En particular, nos centramos en modelos programados utilizando Sistemas de Álgebra Informática y basados en un modelo espacio-temporal que permite describir los patrones de contagio a través de patrones de movimiento espacial. Además, mostramos cómo se puede utilizar el enfoque para desarrollar algoritmos para encontrar el "paciente cero" o, respectivamente, para identificar la selección de candidatos que tienen más probabilidades de ser contagiosos.</subfield>
   </datafield>
   <datafield ind1="8" ind2=" " tag="024">
      <subfield code="a">Salvador Merino, Juergen Doellner, Javier Martínez, Francisco Guzmán, Rafael Guzmán, Juan de Dios Lara. A space-time model for analyzing contagious people based on geolocation data using inverse graphs[J]. AIMS Mathematics, 2023, 8(5): 10196-10209. doi: 10.3934/math.2023516</subfield>
   </datafield>
   <datafield ind1="8" ind2=" " tag="024">
      <subfield code="a">https://hdl.handle.net/10630/29346</subfield>
   </datafield>
   <datafield ind1="8" ind2=" " tag="024">
      <subfield code="a">http://www.aimspress.com/article/doi/10.3934/math.2023516</subfield>
   </datafield>
   <datafield tag="653" ind2=" " ind1=" ">
      <subfield code="a">Enfermedades infecciosas - Transmisión - Modelos matemáticos</subfield>
   </datafield>
   <datafield tag="653" ind2=" " ind1=" ">
      <subfield code="a">Epidemiología - Modelos matemáticos</subfield>
   </datafield>
   <datafield ind2="0" ind1="0" tag="245">
      <subfield code="a">A space-time model for analyzing contagious people based on geolocation data using inverse graphs</subfield>
   </datafield>
</record>
</metadata></record></GetRecord></OAI-PMH>